000 00391nam a2200145 i 4500
001 bg
100 1 _aCZACHOROWSKI, Józef.
245 1 0 _aPlanowanie i organizacja budowy.
_nCz. 1,
_pPrzygotowanie inwestycji /
_cJózef Czachorowski.
260 _aZielona Góra,
_c1976.
040 _cBPK
041 _apol
080 _a69.05:658
942 _cKS
008 s pl f |000 0 pol
999 _c17230
_d17230
856 _uhttp://koha.tu.koszalin.pl/cgi-bin/koha/opac-detail.pl?biblionumber=17230
_yKatalog online BPK